[Event "WSTCC-50 2020"]
[Site "Prague"]
[Date "2020.03.12"]
[Round "7.39"]
[White "Trejbal, Stanislav"]
[Black "Yakimenko, Alexander A."]
[Result "1-0"]
[WhiteElo "2092"]
[BlackElo "2149"]
[Annotator "TA"]
[PlyCount "163"]
[EventDate "2020.03.06"]
[EventType "team-tourn"]
[EventCountry "CZE"]
[SourceTitle "playchess.com"]
[Source "ChessBase"]
[SourceQuality "1"]

{[%evp 13,163,18,28,2,16,15,22,12,41,39,49,0,15,-17,0,0,0,0,7,0,33,21,88,91,116,128,124,116,126,87,133,129,161,127,174,169,154,154,220,207,208,208,206,164,325,333,327,275,346,347,323,284,358,352,345,288,346,333,341,350,338,337,484,479,597,70,808,608,825,821,761,759,898,575,603,370,398,380,429,433,410,404,429,432,487,499,483,410,556,543,531,520,817,720,832,817,809,795,1046,1001,1152,1046,1265,1241,1384,1321,29982,818,1598,2598,5014,1862,5018,1045,5018,1258,1917,1221,3236,2793,1627,1770,29966,10879,1643,1195,29974,29972,29973,29975,29976,29977,29977,29978,29978,29979,29982,29983,29983,29984,29984,29984,29984,29985,29985,29986,29987,29987,29989,29989,29990,29991]} 1. e4 e6 2. d4 d5 3. exd5 exd5 4. c3 Bd6 5. Bd3 Ne7 6. Ne2 Nbc6 7. Bf4 Bg4 {aiming for ...Bxe2.} 8. f3 {C01: French: Exchange Variation.} Bh5 9. Qc2 Bg6 10. Nd2 {[%cal Bb1d2,Bd2f1,Bf1e3,Be3g4][%mdl 32] The position is equal.} Bxf4 11. Nxf4 Qd6 12. Ne2 {[#]} h5 $146 ({Predecessor:} 12... O-O 13. O-O Qf6 14. Bxg6 Qxg6 15. Qxg6 Nxg6 16. Rfe1 Rfe8 17. Kf2 Kf8 18. g3 b6 19. Ng1 Na5 20. Rxe8+ Rxe8 {½-½ (30) Lorenz,N (1913)-Nguyen Minh,T (1936) Magdeburg 2010}) 13. O-O-O h4 14. Nf1 O-O-O 15. Ne3 Kb8 16. Rde1 Qf6 17. Bxg6 fxg6 (17... Nxg6 $11 18. Qf5 Qe6 19. Qxe6 fxe6) 18. Ng4 $16 Qg5+ 19. Qd2 Qf5 20. Nf4 Rd6 21. Re2 Rf8 {[#]} 22. Nh3 $1 Nc8 23. Rhe1 Nb4 24. Re3 Nxa2+ 25. Kd1 Rb6 (25... Ra6 $16 {was called for.} 26. Qc2 c5) 26. Ke2 $18 Nd6 {[#] Strongly threatening ...Nc4.} 27. Ne5 $1 Kc8 28. Nf2 Nc4 $2 (28... Qg5) 29. Nxc4 dxc4 30. Re5 Qf6 31. Kf1 Rd8 32. Ng4 Qc6 33. h3 Qa4 34. R1e2 a6 35. Re7 Kb8 36. Ne5 ({Don't take} 36. Rxg7 Rbd6 $18) 36... Qb5 37. Rxg7 a5 (37... Rbd6 $142 38. Kg1 Qb3 39. Rxg6 Rxg6) 38. Qf4 a4 {intending ...a3.} 39. Nxg6 $2 (39. Qxh4 $18 Rbd6 40. Nf7) 39... Nxc3 $2 {[%mdl 8192] This move loses the game for Black.} (39... Rbd6 $14) 40. bxc3 Qb1+ 41. Kf2 Rbd6 42. Ne5 a3 43. Qd2 Qb3 44. Qa2 Qxc3 45. Qxc4 Qxd4+ 46. Qxd4 Rxd4 47. Rg4 c5 48. Nc4 b5 49. Nxa3 b4 50. Nc2 Rxg4 51. hxg4 {[%mdl 4096] Endgame KRN-KR} Kc7 52. g5 Kc6 (52... Rf8 $142 53. Ne3 Kb7) 53. f4 b3 54. Na3 Ra8 55. Nb1 Kd5 56. Kf3 c4 57. g6 Rc8 58. Rd2+ Ke6 59. Nc3 Kf5 60. g7 (60. Rd6 $142 Rd8 61. Rxd8 Kxg6 62. Rc8 Kf6 63. Rxc4 b2 64. Rb4 b1=B 65. Rxb1) 60... Kg6 61. Rd7 b2 62. Kg4 Rb8 63. Nb1 Kh7 64. Rc7 Rb3 65. Kxh4 Rd3 66. Rxc4 Rd1 67. Na3 Ra1 68. Rb4 Kxg7 69. Rxb2 Rxa3 {KR-KR} 70. g4 {White mates.} Ra5 71. Rb6 Rc5 72. f5 Ra5 73. Kg5 Ra7 74. Re6 Ra4 75. Re7+ Kf8 76. f6 Rb4 77. Rg7 Ra4 78. Kh5 Rf4 79. g5 Ra4 80. Kg6 Ra1 81. Rb7 {[%cal Rb7b8]} Ra8 82. Rh7 {Accuracy: White = 65%, Black = 37%.} 1-0

[Event "WSTCC-50 2020"]
[Site "Prague"]
[Date "2020.03.12"]
[Round "7.40"]
[White "Chudinovskikh, Alexander M"]
[Black "Chaloupka, Frantisek"]
[Result "1-0"]
[WhiteElo "2139"]
[BlackElo "1990"]
[Annotator "ChessBase"]
[PlyCount "68"]
[EventDate "2020.03.06"]
[EventType "team-tourn"]
[EventCountry "CZE"]
[SourceTitle "playchess.com"]
[Source "ChessBase"]
[SourceQuality "1"]
[TimeControl "40/5400+30:1800+30"]

1. e4 {[%emt 0:00:00]} c5 {[%emt 0:01:05]} 2. Nf3 {[%emt 0:00:00]} d6 {[%emt 0:00:13]} 3. Bb5+ {[%emt 0:00:00]} Nd7 {[%emt 0:01:18]} 4. O-O {[%emt 0:00:19]} a6 {[%emt 0:00:05]} 5. Bd3 {[%emt 0:00:21]} g6 {[%emt 0:00:26]} 6. a4 {[%emt 0:00:24]} b6 {[%emt 0:01:18]} 7. c3 {[%emt 0:00:08]} Bg7 {[%emt 0:00:58]} 8. Bc2 {[%emt 0:00:12]} c4 {[%emt 0:10:45]} 9. b3 {[%emt 0:00:29]} cxb3 {[%emt 0:01:52]} 10. Bxb3 {[%emt 0:00:06]} Nc5 {[%emt 0:06:52]} 11. Bc2 {[%emt 0:03:12]} Nf6 {[%emt 0:03:59]} 12. Re1 {[%emt 0:00:08]} O-O {[%emt 0:13:13]} 13. d4 {[%emt 0:00:29]} Ne6 {[%emt 0:00:56]} 14. Nbd2 {[%emt 0:00:40]} Bd7 {[%emt 0:02:23]} 15. Nf1 {[%emt 0:01:30]} b5 {[%emt 0:01:25]} 16. h3 {[%emt 0:00:52]} Qc7 {[%emt 0:02:10]} 17. Bd2 {[%emt 0:00:16]} Rfc8 {[%emt 0:01:21]} 18. axb5 {[%emt 0:02:43]} Bxb5 {[%emt 0:07:00]} 19. Ne3 {[%emt 0:05:58]} Nd7 {[%emt 0:06:13]} 20. Nd5 {[%emt 0:05:53]} Qd8 {[%emt 0:00:24]} 21. Ng5 {[%emt 0:01:50]} Nxg5 22. Bxg5 {[%emt 0:00:07]} f6 {[%emt 0:11:29]} 23. Bd2 {[%emt 0:00:22]} Nb6 {[%emt 0:02:07]} 24. Nxb6 {[%emt 0:08:25]} Qxb6 {[%emt 0:00:15]} 25. Qg4 {[%emt 0:00:17]} Qd8 {[%emt 0:10:38]} 26. Bb3+ {[%emt 0:01:38]} Kh8 {[%emt 0:00:18]} 27. Be6 {[%emt 0:00:54]} Rc7 {[%emt 0:02:01]} 28. Reb1 {[%emt 0:02:29]} Bd7 {[%emt 0:01:09]} 29. Bxd7 {[%emt 0:00:14]} Qxd7 {[%emt 0:00:10]} 30. Rxa6 {[%emt 0:01:11]} Rxa6 {[%emt 0:01:49]} 31. Rb8+ {[%emt 0:00:10]} Bf8 {[%emt 0:00:04]} 32. Bh6 {[%emt 0:00:08]} Ra8 33. Rb1 Bg7 34. Bd2 Rac8 1-0

[Event "WSTCC-50 2020"]
[Site "Prague"]
[Date "2020.03.12"]
[Round "7.42"]
[White "Johnsen, Sylvia"]
[Black "Cerny, Martin"]
[Result "0-1"]
[WhiteElo "1853"]
[BlackElo "2123"]
[Annotator "TA"]
[PlyCount "184"]
[EventDate "2020.03.06"]
[EventType "team-tourn"]
[EventCountry "CZE"]
[SourceTitle "playchess.com"]
[Source "ChessBase"]
[SourceQuality "1"]

{[%evp 9,184,8,31,3,4,-5,-2,-10,-7,-20,-7,-20,0,-19,8,-3,0,-8,0,0,12,16,3,6,45,15,17,21,29,15,29,-92,-70,-81,-89,-88,-81,-126,-126,-146,-103,-85,-84,-84,-50,-50,-44,-42,-52,-42,-37,-74,-66,-60,-51,-53,-53,-74,-64,-85,-72,-81,-72,-115,-41,-334,-164,-205,-193,-205,-34,-38,0,-216,-172,-160,-94,-171,-85,-151,-10,-10,-10,-10,-10,-32,-32,-32,-32,-32,-32,-32,-32,-32,-32,-32,-32,-32,-26,-26,-26,-26,-26,-26,-10,-10,-10,-10,-10,-175,-183,-185,-185,-199,-192,-2812,-2591,-3443,-2193,-10874,-3629,-2217,-1824,-11875,-11227,-8523,-6460,-2893,-207,-29972,-29972,-29968,-29968,-29966,-29967,-29976,-29960,-29950,-29951,-29977,-29978,-29978,-29971,-29976,-29966,-29967,-29970,-29969,-29968,-29965,-29967,-29968,-29968,-29963,-29967,-29969,-2360,-29967,-29963,-29972,-29971,-29977,-29974,-29978,-29979,-29979,-29980,-29980,-29980,-29980,-29981,-29983,-29984,-29988,-29983,-29983,-29984]} 1. e4 c5 2. Nc3 e6 3. g3 Nc6 4. Bg2 Nge7 5. d3 Nd4 6. Nh3 {B24: Closed Sicilian: 3 g3 sidelines.} g6 7. O-O Bg7 {[#]} 8. Rb1 $146 {The position is equal.} ({Predecessor:} 8. Ne2 d6 9. c3 Nxe2+ 10. Qxe2 O-O 11. Be3 Nc6 12. f4 f5 13. e5 Qc7 14. Qf2 {½-½ (23) Nurbekoglu,M (2013)-Terzic,S (2183) Bayern 2010}) 8... O-O 9. Bg5 h6 10. Be3 Kh7 11. a3 Rb8 12. f4 d6 13. Nf2 Bd7 14. Ne2 d5 15. c3 Nxe2+ 16. Qxe2 d4 17. Bd2 dxc3 18. Bxc3 Bb5 19. Rfc1 Rc8 20. f5 (20. Bxg7 $11 Kxg7 21. b4) 20... Nc6 $17 21. fxg6+ fxg6 22. Bxg7 Kxg7 23. b4 cxb4 $1 24. axb4 Qd4 25. Qb2 Qxb2 26. Rxb2 Ne5 27. Ra1 Nxd3 28. Nxd3 Bxd3 29. e5 Rc7 30. b5 b6 $36 {[%mdl 2048] Black is pushing.} 31. Rb3 Bc2 32. Rba3 Rff7 33. Re3 Rc5 34. Bf1 Bf5 35. Be2 h5 36. h4 Rfc7 (36... Kh6 $17 37. Rea3 Rxe5) 37. Raa3 $2 {[%mdl 8192]} ({White should try} 37. Rea3 $15) 37... Rc2 (37... Rc1+ $142 38. Kf2 R7c2 39. Rxa7+ Kh6) 38. Bf1 Rc1 39. Kf2 R7c2+ $2 (39... Bg4 $19 40. Bd3 Rf7+ 41. Kg2 Rd7) 40. Re2 $1 $15 Rc7 41. Rd2 $2 (41. Ree3 $1 $11 {and White has nothing to worry.}) 41... Be4 {And now ...Rf7+ would win.} 42. Be2 Bd5 (42... R1c5 $142 43. Re3 Rxe5) 43. Rd4 (43. Rd1 $17) 43... Kh6 (43... Rh1 $19 {is more deadly. Threatens to win with ...Rc2.} 44. Ke3 Rh3) 44. Rf4 (44. g4 $142) 44... Bc4 ({Better is} 44... Rb1 $17 {Hoping for ...Rc2.} 45. Ke3 Rg1) 45. Bxc4 $11 R1xc4 46. Rxc4 Rxc4 47. Rxa7 {[%mdl 4096] Endgame KR-KR} Rc5 48. Rb7 Rxb5 49. Kf3 Rxe5 50. Rxb6 Kg7 51. Rb4 Kf6 52. g4 Ra5 53. gxh5 gxh5 54. Kf4 Rf5+ 55. Kg3 Rc5 56. Kf4 Rc3 {aiming for ...Rh3.} 57. Rb5 Rc4+ 58. Kg3 $1 e5 59. Ra5 $2 {White is now going downhill.} (59. Rb8 $1 $11) 59... Rc3+ $1 $19 60. Kg2 {[#]} Kf5 $1 61. Ra4 Rd3 62. Ra8 $2 {[#]} (62. Ra2) 62... Kg4 $1 63. Ra4+ Rd4 64. Ra8 Rd2+ (64... Rf4 $142 65. Re8 e4) 65. Kf1 Rh2 66. Ra4+ Kf3 {[%cal Rh2h1]} 67. Kg1 Rg2+ 68. Kf1 Rb2 $2 (68... Rf2+ 69. Kg1 Rg2+ 70. Kf1 Rg4 71. Ra3+ Kf4) 69. Kg1 $2 (69. Ra3+ $19 Kf4 70. Ra4+ Kf3 71. Ra3+ Kg4 72. Ra5) 69... e4 70. Ra8 Rg2+ 71. Kf1 Rg4 72. Rf8+ Ke3 73. Ra8 Rxh4 74. Kg2 Rg4+ 75. Kf1 Rf4+ 76. Ke1 Rf5 77. Ra3+ Kf4 78. Ke2 Rb5 79. Ra8 Rb2+ 80. Kf1 Kf3 {[%cal Rb2b1]} 81. Rf8+ Ke3 82. Rh8 Rb1+ 83. Kg2 Ke2 {Black mates.} 84. Rxh5 Rb6 85. Re5 e3 86. Re8 Rg6+ 87. Kh2 Kf2 {[%cal Rg6h6]} 88. Rf8+ Ke1 89. Re8 e2 90. Re7 Rg5 91. Re8 Rd5 92. Kg2 Kd2 {Accuracy: White = 65%, Black = 74%.} 0-1

[Event "WSTCC-50 2020"]
[Site "Prague"]
[Date "2020.03.12"]
[Round "7.43"]
[White "Marsalek, Zdenek"]
[Black "Harstad, Christian"]
[Result "1-0"]
[WhiteElo "2177"]
[BlackElo "1854"]
[Annotator "ChessBase"]
[PlyCount "73"]
[EventDate "2020.03.06"]
[EventType "team-tourn"]
[EventCountry "CZE"]
[SourceTitle "playchess.com"]
[Source "ChessBase"]
[SourceQuality "1"]
[TimeControl "40/5400+30:1800+30"]

1. d4 {[%emt 0:00:00]} Nf6 {[%emt 0:00:00]} 2. c4 {[%emt 0:00:00]} g6 {[%emt 0:00:00]} 3. Nc3 {[%emt 0:00:00]} Bg7 {[%emt 0:00:00]} 4. Nf3 {[%emt 0:00:00]} O-O {[%emt 0:00:31]} 5. g3 {[%emt 0:00:07]} d6 {[%emt 0:00:12]} 6. Bg2 {[%emt 0:00:06]} Nc6 {[%emt 0:00:32]} 7. O-O {[%emt 0:00:26]} a6 {[%emt 0:00:38]} 8. h3 {[%emt 0:00:09]} Bd7 {[%emt 0:01:06]} 9. e4 {[%emt 0:01:22]} e5 {[%emt 0:05:05]} 10. Be3 {[%emt 0:03:23]} Qc8 {[%emt 0:03:43]} 11. Kh2 {[%emt 0:00:48]} Nh5 {[%emt 0:03:14]} 12. Rc1 {[%emt 0:02:21]} exd4 {[%emt 0:07:26]} 13. Nxd4 {[%emt 0:01:19]} Re8 {[%emt 0:05:23]} 14. Re1 {[%emt 0:07:19]} Ne5 {[%emt 0:01:39]} 15. Nd5 {[%emt 0:02:14]} Be6 {[%emt 0:12:04]} 16. Rc2 {[%emt 0:06:21]} Qd8 {[%emt 0:05:22]} 17. b3 {[%emt 0:04:29]} c5 {[%emt 0:02:37]} 18. Ne2 {[%emt 0:05:43]} Nc6 {[%emt 0:02:56]} 19. Rd2 {[%emt 0:01:22]} Qa5 {[%emt 0:02:40]} 20. a4 {[%emt 0:04:19]} Rad8 {[%emt 0:05:35]} 21. Bg5 {[%emt 0:02:24]} Rc8 {[%emt 0:08:42]} 22. g4 {[%emt 0:08:03]} h6 {[%emt 0:03:40]} 23. Be3 {[%emt 0:00:32]} Nf6 {[%emt 0:02:33]} 24. Ndf4 {[%emt 0:01:13]} Bxg4 {[%emt 0:03:57]} 25. hxg4 {[%emt 0:00:20]} Nxg4+ {[%emt 0:00:07]} 26. Kg1 {[%emt 0:00:07]} Qd8 {[%emt 0:04:25]} 27. Bxc5 {[%emt 0:05:13]} Qh4 {[%emt 0:00:53]} 28. Bb6 {[%emt 0:00:57]} Qh2+ {[%emt 0:16:48]} 29. Kf1 {[%emt 0:00:24]} g5 {[%emt 0:01:07]} 30. Rd3 {[%emt 0:00:53]} Qh4 {[%emt 0:01:31]} 31. Rh3 {[%emt 0:00:40]} Nh2+ {[%emt 0:00:20]} 32. Kg1 {[%emt 0:01:12]} Qg4 {[%emt 0:00:32]} 33. Nd5 {[%emt 0:04:56]} Be5 {[%emt 0:00:31]} 34. f4 {[%emt 0:00:59]} gxf4 {[%emt 0:00:34]} 35. Rxh2 {[%emt 0:01:12]} f3 {[%emt 0:00:24]} 36. Nef4 {[%emt 0:00:21]} Nd4 {[%emt 0:01:13]} 37. Rh1 1-0

[Event "WSTCC-50 2020"]
[Site "Prague"]
[Date "2020.03.12"]
[Round "7.45"]
[White "Richtrova, Eliska"]
[Black "Weyrich, Morten"]
[Result "0-1"]
[WhiteElo "2192"]
[BlackElo "2281"]
[Annotator "TA"]
[PlyCount "80"]
[EventDate "2020.03.06"]
[EventType "team-tourn"]
[EventCountry "CZE"]
[SourceTitle "playchess.com"]
[Source "ChessBase"]
[SourceQuality "1"]

{[%evp 23,80,0,0,-25,-25,-42,-38,-50,-39,-68,-68,-101,-93,-104,-111,-105,-73,-104,-51,-47,-8,-94,-84,-110,-95,-202,-198,-195,-159,-233,-235,-219,-244,-263,-256,-304,-314,-328,-314,-355,-285,-408,-408,-404,-367,-464,-470,-683,-673,-1199,-1147,-5941,-6195,-2331,-1585,-2566,-2379,-2593,-2429]} 1. e4 e5 2. Nf3 Nc6 3. Bb5 a6 4. Ba4 d6 5. d4 b5 6. Bb3 Nxd4 7. Nxd4 exd4 8. Bd5 Rb8 9. Bc6+ Bd7 10. Bxd7+ Qxd7 11. Qxd4 Nf6 12. O-O Be7 13. Nd2 {C71: Ruy Lopez: Deferred Steinitz Variation, sidelines.} O-O {[#]} 14. h3 $146 ({Predecessor:} 14. Nf3 Rfe8 15. Re1 Rbd8 16. Bd2 d5 17. exd5 Nxd5 18. c3 c5 19. Qd3 c4 20. Qc2 Bc5 {0-1 (44) Evans,T-Waters,P Bearsden/Glasgow 1970}) 14... Qc6 15. c3 {Black is slightly better.} Rfe8 16. Re1 Bf8 17. b4 Re6 18. Bb2 Rbe8 {[%cal Rf6e4]} 19. f3 Qb7 20. Qf2 Nd7 ({Black should try} 20... d5 $17 {[%cal Rd5e4]} 21. e5 Rxe5) 21. Nb3 $15 Ne5 {Threatens to win with ...Nd3.} 22. Na5 (22. Rad1 $11) 22... Qc8 $17 {...Nd3 is the strong threat. Black continues to play with concentration.} 23. Rad1 c5 24. f4 (24. c4 $17) 24... Nd7 $19 25. Qf3 c4 26. Re3 {[#]} (26. a4 $17) 26... f5 $1 {[%mdl 512]} 27. Rde1 (27. exf5 Rxe3) 27... Qa8 28. Bc1 fxe4 29. Qd1 Nf6 30. Rg3 Nd5 31. Be3 Nxe3 32. Rexe3 (32. Rgxe3 {was the only defense.} d5 33. Kh1) 32... d5 33. Rg5 Qa7 34. Kf2 {[#]} d4 $1 {[%mdl 512] Black is clearly winning.} 35. cxd4 (35. Qxd4 $142 Qxd4 36. cxd4 Bxb4 37. Nb7) 35... Bxb4 36. d5 Rf6 37. Nc6 Rxf4+ 38. Ke2 Qf7 {[%csl Gf7][%cal Rf4f2]} 39. Qg1 Bc5 40. g3 Rf3 {[%mdl 64] Pin. Accuracy: White = 33%, Black = 78%.} 0-1

[Event "WSTCC-50 2020"]
[Site "Prague"]
[Date "2020.03.12"]
[Round "7.46"]
[White "Jeske, Eckhard"]
[Black "Kubikova, Hana"]
[Result "1/2-1/2"]
[WhiteElo "2158"]
[BlackElo "2064"]
[Annotator "ChessBase"]
[PlyCount "53"]
[EventDate "2020.03.06"]
[EventType "team-tourn"]
[EventCountry "CZE"]
[SourceTitle "playchess.com"]
[Source "ChessBase"]
[SourceQuality "1"]
[TimeControl "40/5400+30:1800+30"]

1. c4 Nf6 2. Nc3 e5 3. Nf3 d6 4. d4 Nbd7 5. g3 Be7 6. Bg2 c6 7. O-O O-O 8. Qc2 Re8 9. Re1 Qc7 10. e4 Nf8 11. h3 a6 12. Be3 c5 13. d5 Ng6 14. Nd2 Bd7 15. a4 b6 16. Kh2 Qc8 17. Nf3 Rf8 18. Ng1 Ne8 19. Nge2 Qd8 20. Qd2 Rb8 21. Rab1 a5 22. b3 h5 23. f4 f5 24. Rf1 h4 25. fxe5 Nxe5 26. gxh4 Bxh4 27. Nf4 1/2-1/2

[Event "WSTCC-50 2020"]
[Site "Prague"]
[Date "2020.03.12"]
[Round "7.47"]
[White "Svobodova, Michaela"]
[Black "Jansen, Andreas"]
[Result "1-0"]
[WhiteElo "1988"]
[BlackElo "2206"]
[Annotator "ChessBase"]
[PlyCount "49"]
[EventDate "2020.03.06"]
[EventType "team-tourn"]
[EventCountry "CZE"]
[SourceTitle "playchess.com"]
[Source "ChessBase"]
[SourceQuality "1"]
[TimeControl "40/5400+30:1800+30"]

1. e4 g6 2. d4 d6 3. Bc4 Bg7 4. Nf3 c6 5. Bb3 Qc7 6. O-O e5 7. c3 Nf6 8. Re1 O-O 9. Bg5 Nbd7 10. Nbd2 Nb6 11. a4 a5 12. h3 Kh8 13. Qc2 Ng8 14. Nc4 Nxc4 15. Bxc4 f5 16. dxe5 dxe5 17. exf5 Bxf5 18. Qb3 Ne7 19. Bh4 Bc8 20. Bg3 Rxf3 21. gxf3 Bxh3 22. Be6 Bf5 23. Rad1 Rd8 24. Qxb7 Rxd1 25. Rxd1 1-0

[Event "WSTCC-50 2020"]
[Site "Prague"]
[Date "2020.03.12"]
[Round "7.48"]
[White "Moritz, Hartmut"]
[Black "Taborska, Veronika"]
[Result "1/2-1/2"]
[WhiteElo "2088"]
[BlackElo "1995"]
[Annotator "ChessBase"]
[PlyCount "74"]
[EventDate "2020.03.06"]
[EventType "team-tourn"]
[EventCountry "CZE"]
[SourceTitle "playchess.com"]
[Source "ChessBase"]
[SourceQuality "1"]
[TimeControl "40/5400+30:1800+30"]

1. e4 {[%emt 0:00:00]} d6 {[%emt 0:00:00]} 2. d3 Nf6 {[%emt 0:00:53]} 3. f4 {[%emt 0:01:15]} e5 {[%emt 0:02:04]} 4. Nf3 {[%emt 0:01:23]} Nc6 {[%emt 0:00:51]} 5. c3 {[%emt 0:06:42]} Bg4 {[%emt 0:06:34]} 6. Be2 {[%emt 0:02:07]} g6 {[%emt 0:03:06]} 7. O-O {[%emt 0:07:06]} Bg7 {[%emt 0:03:54]} 8. Na3 {[%emt 0:02:27]} Qe7 {[%emt 0:06:18]} 9. h3 {[%emt 0:14:06]} Bd7 {[%emt 0:04:30]} 10. Be3 {[%emt 0:12:13]} exf4 {[%emt 0:05:09]} 11. Bxf4 {[%emt 0:00:17]} Nh5 {[%emt 0:01:24]} 12. Bh2 {[%emt 0:03:30]} O-O-O {[%emt 0:02:20]} 13. Nc2 {[%emt 0:05:01]} Nf6 {[%emt 0:22:08]} 14. b4 {[%emt 0:06:31]} h5 {[%emt 0:04:25]} 15. b5 {[%emt 0:04:50]} Ne5 {[%emt 0:00:40]} 16. d4 {[%emt 0:03:31]} Nxf3+ {[%emt 0:01:38]} 17. Bxf3 {[%emt 0:03:54]} g5 {[%emt 0:08:38]} 18. e5 {[%emt 0:02:46]} dxe5 {[%emt 0:02:07]} 19. dxe5 {[%emt 0:04:01]} Nh7 20. Qd5 {[%emt 0:01:26]} Bc6 {[%emt 0:04:47]} 21. Qc4 Bxf3 {[%emt 0:02:39]} 22. Rxf3 {[%emt 0:01:03]} Rhf8 {[%emt 0:03:30]} 23. Re1 {[%emt 0:02:41]} Qe6 {[%emt 0:01:02]} 24. Qc5 Qb6 {[%emt 0:01:40]} 25. Qxb6 {[%emt 0:04:24]} axb6 {[%emt 0:02:29]} 26. Nd4 {[%emt 0:01:38]} Rde8 {[%emt 0:01:17]} 27. Rf5 f6 28. e6 {[%emt 0:00:46]} Rg8 {[%emt 0:03:07]} 29. Rd5 {[%emt 0:01:02]} g4 {[%emt 0:00:53]} 30. Rd7 {[%emt 0:02:28]} g3 {[%emt 0:03:14]} 31. Bxg3 {[%emt 0:00:21]} Bf8 {[%emt 0:00:24]} 32. Rxc7+ {[%emt 0:00:36]} Kd8 {[%emt 0:00:16]} 33. Rd7+ {[%emt 0:04:18]} Kc8 {[%emt 0:00:12]} 34. Bf4 {[%emt 0:00:35]} Ng5 {[%emt 0:00:18]} 35. Rc7+ {[%emt 0:00:58]} Kd8 {[%emt 0:00:22]} 36. h4 {[%emt 0:00:48]} Nh3+ {[%emt 0:00:13]} 37. Kf1 {[%emt 0:00:55]} Nxf4 1/2-1/2